プロ野球スピリッツA【プロスピA】の外国人選手 (北海道日本ハムファイターズ) - Statistics

General Stats
  • This quiz has been taken 131 times
    30 since last reset
  • The average score is 19 of 38
Answer Stats
選手名 % Correct
野手 A.スティーブンソン
89%
野手 F.レイエス
89%
野手 A.マルティネス
79%
野手 A.ハンソン
79%
野手(TS) B.レアード
79%
野手(OB) F.セギノール
79%
投手 N.マルティネス
79%
投手 古林睿煬
74%
野手 王柏融
68%
野手 A.アルカンタラ
63%
投手 D.バーヘイゲン
63%
投手(OB) B.ウルフ
58%
野手(OB) T.ブリューワ
58%
投手 B.ロドリゲス
53%
投手(OB) C.マーティン
53%
投手(OB) R.グリン
53%
野手(OB) T.ソレイタ
53%
投手 A.ザバラ
47%
野手(OB) M.アブレイユ
47%
野手(OB) M.イースラー
47%
野手(OB) T.スレッジ
47%
野手(OB) S.オバンドー
42%
投手 C.ポンセ
37%
投手 L.メンドーサ
37%
野手 R.ヌニエス
37%
投手 A.バース
32%
投手(OB) C.ミラバル
32%
野手 C.ビヤヌエバ
32%
野手 O.アルシア
32%
投手 P.マーフィー
32%
投手 C.メネズ
26%
野手 J.ハーミッダ
26%
野手(OB) M.ウインタース
26%
投手 E.エスコバー
21%
投手 J.ガント
21%
投手(OB) K.グロス
21%
投手 M.トンキン
21%
投手 R.アーリン
21%
No matching quizzes found
Score Distribution
Percent of People with Each Score
Percentile by Number Answered
Your Score History
You have not taken this quiz since the last reset